000 00564nam a2200193Ii 4500
003 JO-AjNU
008 230605s9999||||xx |||||||||||||| ||und||
040 _aJO-AjNU
_bara
_erda
_cJO-AjNU
041 _aara
050 1 4 _aQH366.2.S2812 1985
100 3 _aسفج ، جي,
_eauthor
_940159
245 0 0 _aالتطور
264 3 1 _aبغداد:جامعة الموصل ، 1985
300 _a240ص
336 _atext
_btxt
_2rdacontent
337 _aunmediated
_bn
_2rdamedia
338 _avolume
_bnc
_2rdacarrier
650 4 _aالنشوء والارتقاء
_940160
999 _aA17019
_c20587
_d20587